<?xml version="1.0" encoding="UTF-8"?>
<record
    xmlns:xsi="http://www.w3.org/2001/XMLSchema-instance"
    xsi:schemaLocation="http://www.loc.gov/MARC21/slim http://www.loc.gov/standards/marcxml/schema/MARC21slim.xsd"
    xmlns="http://www.loc.gov/MARC21/slim">

  <leader>02094nam a2200277Ia 4500</leader>
  <controlfield tag="001">K0546</controlfield>
  <controlfield tag="003">IT-RoPAU</controlfield>
  <controlfield tag="008">130308s9999    xx            000 0 und d</controlfield>
  <datafield tag="040" ind1=" " ind2=" ">
    <subfield code="a">IT-RoPAU</subfield>
  </datafield>
  <datafield tag="040" ind1=" " ind2=" ">
    <subfield code="c">IT-RoPAU</subfield>
  </datafield>
  <datafield tag="041" ind1=" " ind2=" ">
    <subfield code="a">ITALIANO  </subfield>
  </datafield>
  <datafield tag="100" ind1=" " ind2=" ">
    <subfield code="a">Dark Stefano</subfield>
  </datafield>
  <datafield tag="100" ind1=" " ind2=" ">
    <subfield code="g">Codice Aut. SPICS: 60215</subfield>
  </datafield>
  <datafield tag="245" ind1=" " ind2=" ">
    <subfield code="a">Libere! L'epopea delle radio italiane degli anni '70</subfield>
  </datafield>
  <datafield tag="245" ind1=" " ind2=" ">
    <subfield code="b">Libere! L'Epopea delle Radio italiane degli Anni '70                                                                                                      </subfield>
  </datafield>
  <datafield tag="250" ind1=" " ind2=" ">
    <subfield code="a">1a ed.</subfield>
  </datafield>
  <datafield tag="260" ind1=" " ind2=" ">
    <subfield code="b">Stampa Alternativa/Nuovi Equilibri</subfield>
  </datafield>
  <datafield tag="260" ind1=" " ind2=" ">
    <subfield code="c">2009 [1&#xB0; Ed.:2009 - Ed.Ling.Originale:2009]</subfield>
  </datafield>
  <datafield tag="300" ind1=" " ind2=" ">
    <subfield code="a">"206 p. (prefazione: no ; testo: 206 [pagine: 0-0])"</subfield>
  </datafield>
  <datafield tag="500" ind1=" " ind2=" ">
    <subfield code="a">"Prefazione di M. Baldini. Introduzione di U. Croppi. Pre Ascolto: Radio in Italia Uri e Eiar; voglia di Radio libere Dalla resistenza Alla Ricostruzione; Anni '50; Rock'N'Roll in Usa; Europa dei Pirati; Radio Estere X Italia; Novita e successi in Casa Rai; Giovani Fermenti; Radio Libera; Problemi, Proposte, Provvedimenti; Cosa &#xE8; Successo; Alternative da Ascolto. cento Fiori: Primi Pionieri Fuorilegge Dalla Rai; Milano radiofonica Rmi, canale 96 e Milano Centrale; Diverse Radio; Altri Prototipi; cento fiori Radiofonici; Radio a Ruota Libera; libere in Citta'; incontri tra Etere. Radio Boom: sentenza della Svolta; Risvolti nel Sentire; scenario Ampio; Politica Inonda; Musica Stereo in Fm; Radiomovimenti nel Settantasette; un '77 Archiviato; Ascolti Liberi; Caso Italiano; Radio Fa Provincia. Segnali in Liberta': Guerra, Giungla, Funghi e far West; Diretta; al Telefono; Epopea della Dedica; Radio Azienda; Roma Radiofonica; Evasione Inonda; Sfogo, Servizio, Speranza; in Cerca di Sostegno; Retaggi di Liberta'; e la Rai?; fuori I Nomi!; Fine Decennio, Fine di una Stagione. Appendice: Evoluzione Quantitativa delle Radio italiane 1975 1979. Bibliografia. indice delle Radio.                  D"</subfield>
  </datafield>
  <datafield tag="650" ind1=" " ind2=" ">
    <subfield code="a">SAGGI DI RADIOFONIA</subfield>
  </datafield>
  <datafield tag="650" ind1=" " ind2=" ">
    <subfield code="e">Codice materia Spics: 6911</subfield>
  </datafield>
  <datafield tag="942" ind1=" " ind2=" ">
    <subfield code="c">BK</subfield>
  </datafield>
  <datafield tag="957" ind1=" " ind2=" ">
    <subfield code="7">1</subfield>
  </datafield>
  <datafield tag="999" ind1=" " ind2=" ">
    <subfield code="c">77387</subfield>
    <subfield code="d">77387</subfield>
  </datafield>
  <datafield tag="999" ind1=" " ind2=" ">
    <subfield code="g">1</subfield>
  </datafield>
  <datafield tag="952" ind1=" " ind2=" ">
    <subfield code="0">0</subfield>
    <subfield code="1">0</subfield>
    <subfield code="4">0</subfield>
    <subfield code="6">K_000000000000000_0546</subfield>
    <subfield code="7">1</subfield>
    <subfield code="a">SPICS</subfield>
    <subfield code="b">SPICS</subfield>
    <subfield code="d">2013-03-08</subfield>
    <subfield code="l">0</subfield>
    <subfield code="o">K0546</subfield>
    <subfield code="r">2013-03-08 00:00:00</subfield>
    <subfield code="w">2013-03-08</subfield>
    <subfield code="y">BK</subfield>
    <subfield code="z">Progressivo inserimento:  43380 /  N. Volumi: 1 Copie: 1  / data import: 1 marzo 2013 - By Epidotti, Trombetti, Vaglietti. </subfield>
  </datafield>
</record>
